[Event "XVI. DBMM Schach"]
[Site "Dresden"]
[Date "2016.11.03"]
[Round "2.4"]
[White "Baranowsky, Peter"]
[Black "Hartmann, Uwe"]
[Result "1/2-1/2"]
[WhiteElo "2009"]
[BlackElo "1964"]
[Annotator "pb"]
[PlyCount "126"]
[EventDate "2016.11.??"]
[SourceTitle "XVI. DBMM 2016"]
[Source "FV Schach e.V."]
[SourceDate "2017.06.14"]
[SourceVersion "1"]
[SourceVersionDate "2017.06.14"]
[SourceQuality "1"]
[WhiteTeam "BA Tempelhof Berlin"]
[BlackTeam "le-tex Publishing Services Leipzig"]
[WhiteTeamCountry "GER"]
[BlackTeamCountry "GER"]

1. d4 d5 2. Nf3 Nf6 3. e3 b6 4. Nbd2 Bb7 5. Bd3 e6 6. Ne5 Bd6 7. f4 O-O 8. Qf3
c5 9. c3 Qe7 10. O-O Nfd7 11. e4 Nf6 12. f5 cxd4 13. cxd4 dxe4 14. Bxe4 Nxe4
15. Nxe4 exf5 16. Qxf5 Bxe4 17. Qxe4 Nd7 18. Rxf7 Rxf7 19. Qxa8+ Rf8 20. Qd5+
Kh8 21. Bg5 Nf6 22. Bxf6 Qxf6 23. Nf3 Bf4 24. Re1 h6 25. Re6 Rd8 26. Rxf6 Be3+
27. Kf1 Rxd5 28. Rf7 Ra5 29. Rc7 Rxa2 30. Rc2 Kg8 31. Ke2 Bf4 32. g3 Bd6 33.
Nh4 Ba3 34. Kd3 Rxb2 35. Rxb2 Bxb2 36. Nf5 Ba3 37. Ne3 Kf7 38. Nc4 Be7 39. Ke4
Ke6 40. d5+ Kd7 41. Ne5+ Kd6 42. Nf7+ Kc5 43. Ke5 a5 44. d6 Bf6+ 45. Ke6 a4 46.
Ne5 Kb5 47. Ng4 Bd8 48. Kd7 a3 49. Kxd8 a2 50. d7 a1=Q 51. Ke7 Qe1+ 52. Kf7 Qd1
53. Ke8 Qe2+ 54. Kf7 Qc4+ 55. Kf8 Qc5+ 56. Ke8 Qh5+ 57. Kf8 Qf5+ 58. Ke7 Qg5+
59. Ke8 Qg6+ 60. Ke7 Qe4+ 61. Kf7 Qd3 62. Ke7 Qe2+ 63. Kf7 Qc4+ 1/2-1/2

[Event "XVI. DBMM Schach"]
[Site "Dresden"]
[Date "2016.11.03"]
[Round "2.1"]
[White "Gottschalk, Jens"]
[Black "Hohlfeld, Wolfgang"]
[Result "1/2-1/2"]
[WhiteElo "2282"]
[BlackElo "2102"]
[Annotator "br"]
[PlyCount "161"]
[EventDate "2016.11.??"]
[SourceTitle "XVI. DBMM 2016"]
[Source "FV Schach e.V."]
[SourceDate "2017.06.14"]
[SourceVersion "1"]
[SourceVersionDate "2017.06.14"]
[SourceQuality "1"]
[WhiteTeam "R + V Versicherung Wiesbaden"]
[BlackTeam "Baubehoerde Hamburg"]
[WhiteTeamCountry "GER"]
[BlackTeamCountry "GER"]

1. d4 d5 2. c4 dxc4 3. Nf3 Nf6 4. e3 c5 5. Bxc4 cxd4 6. exd4 e6 7. O-O Nc6 8.
Nc3 Be7 9. Qe2 O-O 10. Rd1 Nb4 11. Bg5 Nbd5 12. Ne5 Nxc3 13. bxc3 Nd5 14. Bxe7
Qxe7 15. Qf3 f6 16. Ng4 Qd6 17. Bb3 b5 18. a4 bxa4 19. Rxa4 Bd7 20. Ra5 Bc6 21.
Rc5 Rac8 22. Qg3 Qxg3 23. hxg3 Ba8 24. Rxc8 Rxc8 25. c4 Nc3 26. Rd3 Ne2+ 27.
Kf1 Nc1 28. Rc3 Nxb3 29. Rxb3 Bc6 30. Ra3 Rc7 31. Ne3 Rd7 32. Ke2 Rxd4 33. Rxa7
Rd7 34. Ra6 Rc7 35. Kd3 Kf7 36. Kd4 Ke7 37. Ra5 Kd6 38. c5+ Ke7 39. Ra6 Kd7 40.
f3 Ke7 41. Nc4 e5+ 42. Kc3 Bb5 43. Rb6 Rxc5 44. Rb7+ Ke6 45. Kb4 Rxc4+ 46. Kxb5
Rc2 47. Rxg7 Rxg2 48. Kc4 Rf2 49. f4 exf4 50. gxf4 Rxf4+ 51. Kd3 Rh4 52. Ke3
Kf5 53. Kf3 h5 54. Rb7 Rh3+ 55. Kg2 Ra3 56. Rb5+ Kg4 57. Rb4+ Kg5 58. Rb7 Ra2+
59. Kf3 Ra3+ 60. Kg2 f5 61. Rb4 Re3 62. Ra4 Re4 63. Ra3 Re2+ 64. Kf3 Rb2 65.
Kg3 h4+ 66. Kh3 Re2 67. Rb3 Kf4 68. Rb5 Re5 69. Rb4+ Kf3 70. Rb3+ Re3 71. Rb4
Kf2+ 72. Kh2 Re4 73. Rb2+ Re2 74. Rb4 Kf3+ 75. Kh3 Re4 76. Rb3+ Re3 77. Rb4 f4
78. Kxh4 Re2 79. Rb3+ Re3 80. Rb4 Ra3 81. Kg5 1/2-1/2

[Event "XVI. DBMM Schach"]
[Site "Dresden"]
[Date "2016.11.03"]
[Round "2.2"]
[White "Hein, Ralf"]
[Black "Seidler, Lukas"]
[Result "1-0"]
[WhiteElo "2047"]
[BlackElo "2196"]
[Annotator "br"]
[PlyCount "87"]
[EventDate "2016.11.??"]
[SourceTitle "XVI. DBMM 2016"]
[Source "FV Schach e.V."]
[SourceDate "2017.06.14"]
[SourceVersion "1"]
[SourceVersionDate "2017.06.14"]
[SourceQuality "1"]
[WhiteTeam "Baubehoerde Hamburg"]
[BlackTeam "R + V Versicherung Wiesbaden"]
[WhiteTeamCountry "GER"]
[BlackTeamCountry "GER"]

1. c4 e5 2. Nc3 Nf6 3. g3 d5 4. cxd5 Nxd5 5. Bg2 Nb6 6. d3 Be7 7. f4 exf4 8.
Bxf4 O-O 9. Nf3 Nc6 10. O-O Be6 11. Rc1 f6 12. a3 a5 13. d4 a4 14. Nb5 Nd5 15.
e4 Nxf4 16. gxf4 Bb3 17. Qe2 Rc8 18. d5 Na5 19. Bh3 f5 20. Bxf5 Rxf5 21. exf5
Bxd5 22. Rfd1 Bf6 23. Nc3 Bxc3 24. Rxc3 c6 25. Qe5 Qb6+ 26. Kg2 Nc4 27. Rxc4
Bxc4 28. Rd7 Bf7 29. Rxf7 Kxf7 30. Qe6+ Kf8 31. Qxc8+ Ke7 32. Qe6+ Kf8 33. Qd6+
Kg8 34. Qe5 Qd8 35. Kg3 h6 36. Qe6+ Kh8 37. Qe4 Qd7 38. Ne5 Qd1 39. Ng6+ Kh7
40. Nh4 Qb3+ 41. Nf3 Qxb2 42. f6+ Kg8 43. Qe8+ Kh7 44. f7 1-0

[Event "XVI. DBMM Schach"]
[Site "Dresden"]
[Date "2016.11.03"]
[Round "2.3"]
[White "Werner, Gregor"]
[Black "Kaliski, Achim"]
[Result "1-0"]
[WhiteElo "2128"]
[BlackElo "1976"]
[Annotator "br"]
[PlyCount "26"]
[EventDate "2016.11.??"]
[SourceTitle "XVI. DBMM 2016"]
[Source "FV Schach e.V."]
[SourceDate "2017.06.14"]
[SourceVersion "1"]
[SourceVersionDate "2017.06.14"]
[SourceQuality "1"]
[WhiteTeam "R + V Versicherung Wiesbaden"]
[BlackTeam "Baubehoerde Hamburg"]
[WhiteTeamCountry "GER"]
[BlackTeamCountry "GER"]

1. d4 f5 2. e4 fxe4 3. Nc3 Nf6 4. f3 e3 5. Bxe3 g6 6. Qd2 Bg7 7. O-O-O d5 8.
Bh6 O-O 9. h4 c6 10. Bxg7 Kxg7 11. h5 Nxh5 12. g4 Nf4 13. Qh2 Rf7 1-0

[Event "XVI. DBMM Schach"]
[Site "Dresden"]
[Date "2016.11.03"]
[Round "2.4"]
[White "Raum, Norbert"]
[Black "Launert, Martin"]
[Result "1-0"]
[WhiteElo "1816"]
[BlackElo "1880"]
[Annotator "br"]
[PlyCount "95"]
[EventDate "2016.11.??"]
[SourceTitle "XVI. DBMM 2016"]
[Source "FV Schach e.V."]
[SourceDate "2017.06.14"]
[SourceVersion "1"]
[SourceVersionDate "2017.06.14"]
[SourceQuality "1"]
[WhiteTeam "Baubehoerde Hamburg"]
[BlackTeam "R + V Versicherung Wiesbaden"]
[WhiteTeamCountry "GER"]
[BlackTeamCountry "GER"]

1. Nf3 Nf6 2. g3 d5 3. Bg2 c5 4. O-O Nc6 5. d4 e6 6. c4 dxc4 7. Ne5 Nxe5 8.
dxe5 Qxd1 9. Rxd1 Nd7 10. f4 a6 11. a4 Rb8 12. a5 Be7 13. Nd2 O-O 14. Nxc4 Rd8
15. Be3 b5 16. Nd6 Bxd6 17. Rxd6 Bb7 18. Bxb7 Rxb7 19. Bxc5 Re8 20. Bb6 f6 21.
Rad1 Nxb6 22. axb6 fxe5 23. fxe5 Kf7 24. Rc6 a5 25. Kf2 a4 26. Ke3 Ke7 27. Rdd6
Kf7 28. Kd4 b4 29. Kc4 a3 30. bxa3 bxa3 31. Kb3 Ra8 32. Ka2 Ra5 33. Rxe6 Rd7
34. Red6 Ke7 35. e4 Rxe5 36. Rxd7+ Kxd7 37. Rc7+ Kd8 38. Rxg7 Kc8 39. Rxh7 Rxe4
40. Kxa3 Re6 41. b7+ Kb8 42. Kb4 Re8 43. Kc5 Rg8 44. Kd6 Rg4 45. Ke5 Rb4 46.
Rg7 Rb6 47. h4 Rh6 48. Kf5 1-0

[Event "XVI. DBMM Schach"]
[Site "Dresden"]
[Date "2016.11.03"]
[Round "2.1"]
[White "Molinaroli, Martin"]
[Black "Limbourg, Philipp"]
[Result "1-0"]
[WhiteElo "2274"]
[BlackElo "2206"]
[Annotator "br"]
[PlyCount "71"]
[EventDate "2016.11.??"]
[SourceTitle "XVI. DBMM 2016"]
[Source "FV Schach e.V."]
[SourceDate "2017.06.14"]
[SourceVersion "1"]
[SourceVersionDate "2017.06.14"]
[SourceQuality "1"]
[WhiteTeam "Westf. Provinzial-Versicherung Muenster"]
[BlackTeam "RWE Essen"]
[WhiteTeamCountry "GER"]
[BlackTeamCountry "GER"]

1. b3 e5 2. Bb2 Nc6 3. e3 d6 4. c4 g6 5. Nf3 Bg7 6. d4 f5 7. dxe5 Nxe5 8. Nc3
Nh6 9. Be2 Be6 10. Nd4 Bd7 11. Qd2 O-O 12. h3 Nhf7 13. O-O a6 14. f4 Nc6 15.
Nd5 Ne7 16. Bf3 c6 17. Nc3 Qc7 $11 18. Rac1 Rae8 19. Rfd1 c5 20. Nd5 Nxd5 21.
cxd5 Qb8 22. Ne6 Bxb2 23. Qxb2 Bxe6 24. dxe6 Nd8 25. Qd2 Nxe6 26. Qxd6 Kg7 27.
Qxb8 Rxb8 28. Bd5 Rfe8 29. Bxe6 Rxe6 30. Rd7+ Kf6 31. Rxc5 Re7 32. Rxe7 Kxe7
33. Rc7+ Ke6 34. Rxh7 Kd5 35. Rd7+ Ke4 36. Kf2 1-0

[Event "XVI. DBMM Schach"]
[Site "Dresden"]
[Date "2016.11.03"]
[Round "2.2"]
[White "Eggenstein, Frank"]
[Black "Gerighausen, Karl-Heinz"]
[Result "1-0"]
[WhiteElo "2032"]
[BlackElo "1879"]
[Annotator "br"]
[PlyCount "79"]
[EventDate "2016.11.??"]
[SourceTitle "XVI. DBMM 2016"]
[Source "FV Schach e.V."]
[SourceDate "2017.06.14"]
[SourceVersion "1"]
[SourceVersionDate "2017.06.14"]
[SourceQuality "1"]
[WhiteTeam "RWE Essen"]
[BlackTeam "Westf. Provinzial-Versicherung Muenster"]
[WhiteTeamCountry "GER"]
[BlackTeamCountry "GER"]

1. e4 c5 2. Nf3 Nc6 3. Bb5 g6 4. O-O Bg7 5. Bxc6 bxc6 6. d3 Nh6 7. c4 f6 8. Nc3
e5 9. Ne1 O-O 10. f4 d6 11. h3 Bd7 12. Be3 Qe7 13. Qd2 Nf7 14. Nf3 Nd8 15. Nh2
Ne6 16. Ne2 Nd4 17. Ng3 a5 18. Rf2 a4 19. f5 g5 20. Raf1 h6 21. Nh5 Be8 22. Qd1
Kh7 23. h4 Qf7 24. g4 Qd7 25. hxg5 fxg5 26. Ng3 Rf6 27. Nf3 Nxf3+ 28. Qxf3 Bf8
29. Rh2 Qg7 30. Nh5 Bxh5 31. Rxh5 Be7 32. Bxg5 Qxg5 33. Rxg5 hxg5 34. Rf2 Kg7
35. Rh2 Rh8 36. Rxh8 Kxh8 37. Qh3+ Kg7 38. Qh5 Rf8 39. Qg6+ Kh8 40. Qe6 1-0

[Event "XVI. DBMM Schach"]
[Site "Dresden"]
[Date "2016.11.03"]
[Round "2.3"]
[White "Kuestermann, Dieter"]
[Black "Broszeit, Peter"]
[Result "0-1"]
[WhiteElo "1960"]
[BlackElo "1970"]
[Annotator "br"]
[PlyCount "52"]
[EventDate "2016.11.??"]
[SourceTitle "XVI. DBMM 2016"]
[Source "FV Schach e.V."]
[SourceDate "2017.06.14"]
[SourceVersion "1"]
[SourceVersionDate "2017.06.14"]
[SourceQuality "1"]
[WhiteTeam "Westf. Provinzial-Versicherung Muenster"]
[BlackTeam "RWE Essen"]
[WhiteTeamCountry "GER"]
[BlackTeamCountry "GER"]

1. e4 e6 2. d4 d5 3. Nc3 Bb4 4. e5 c5 5. a3 Bxc3+ 6. bxc3 Ne7 7. f4 Nbc6 8. Nf3
Bd7 9. Bd3 Qa5 10. Bd2 c4 11. Be2 h5 12. O-O O-O-O 13. Ng5 Rdf8 14. Qb1 Nxd4
15. Qb4 Nxe2+ 16. Kh1 Qxb4 17. axb4 d4 18. Rxa7 Nc6 19. Ra3 Nxc3 20. Bxc3 dxc3
21. b5 Nd4 22. b6 Bb5 23. Ne4 Ba6 24. Rxc3 f6 25. Nd6+ Kb8 26. Nxc4 Ne2 0-1

[Event "XVI. DBMM Schach"]
[Site "Dresden"]
[Date "2016.11.03"]
[Round "2.4"]
[White "Broksch, Dirk"]
[Black "Keller, Hansjuergen"]
[Result "1-0"]
[WhiteElo "1902"]
[BlackElo "1709"]
[Annotator "br"]
[PlyCount "69"]
[EventDate "2016.11.??"]
[SourceTitle "XVI. DBMM 2016"]
[Source "FV Schach e.V."]
[SourceDate "2017.06.14"]
[SourceVersion "1"]
[SourceVersionDate "2017.06.14"]
[SourceQuality "1"]
[WhiteTeam "RWE Essen"]
[BlackTeam "Westf. Provinzial-Versicherung Muenster"]
[WhiteTeamCountry "GER"]
[BlackTeamCountry "GER"]

1. e3 d5 2. Nc3 Nf6 3. b3 e6 4. Bb2 Be7 5. d4 O-O 6. Qf3 Nbd7 7. O-O-O a6 8. g4
b5 9. g5 Ne8 10. h4 Bb7 11. Nh3 c5 12. Bd3 g6 13. Rdg1 c4 14. bxc4 bxc4 15.
Bxc4 dxc4 16. Qxb7 Nd6 17. Qg2 Nb5 18. h5 Nxc3 19. Bxc3 Ba3+ 20. Kd2 Qe7 21.
hxg6 fxg6 22. Rb1 Rab8 23. Rb7 Qd6 24. Rhb1 Rxb7 25. Rxb7 Nc5 26. Rb1 Na4 27.
Qg3 Nxc3 28. Kxc3 Qc6 29. Qe5 Bd6 30. Qxe6+ Kh8 31. Qxc4 Qf3 32. Qxa6 Qxh3 33.
Qxd6 Rc8+ 34. Kd2 Qf5 35. Qe5+ 1-0

[Event "XVI. DBMM Schach"]
[Site "Dresden"]
[Date "2016.11.03"]
[Round "2.1"]
[White "Segerberg, Tomas"]
[Black "Baudrexel, Peter"]
[Result "1/2-1/2"]
[WhiteElo "2075"]
[BlackElo "1836"]
[Annotator "br"]
[PlyCount "92"]
[EventDate "2016.11.??"]
[SourceTitle "XVI. DBMM 2016"]
[Source "FV Schach e.V."]
[SourceDate "2017.06.14"]
[SourceVersion "1"]
[SourceVersionDate "2017.06.14"]
[SourceQuality "1"]
[WhiteTeam "Europaeisches Patentamt Muenchen"]
[BlackTeam "ADAC Muenchen II"]
[WhiteTeamCountry "GER"]
[BlackTeamCountry "GER"]

1. c4 e6 2. Nf3 d5 3. e3 c6 4. b3 Nf6 5. Bb2 Nbd7 6. Qc2 Qc7 7. Nc3 a6 8. Rc1
Qa5 9. a3 Bd6 10. b4 Qd8 11. Be2 dxc4 12. Bxc4 b5 13. Bd3 Bb7 14. Ne4 Qe7 15.
O-O Rc8 16. Nxd6+ Qxd6 17. Bd4 Rd8 18. Be2 O-O 19. Bc5 Nxc5 20. Qxc5 Qxc5 21.
Rxc5 Nd7 22. Rc2 g6 23. Rfc1 e5 24. Ng5 Kg7 25. d3 h6 26. Ne4 Nb8 27. Nc5 Ba8
28. Kf1 Rd6 29. Ra1 f5 30. a4 f4 31. e4 Kf7 32. f3 Rc8 33. Nb3 Rcd8 34. axb5
cxb5 35. Nc5 Rd4 36. Nxa6 Nc6 37. Rc5 Bb7 38. Rxb5 Bxa6 39. Rxa6 Rxb4 40. Rab6
Rxb5 41. Rxb5 Ra8 42. Rb2 Ra1+ 43. Kf2 Nd4 44. g3 Rh1 45. Kg2 Re1 46. Kf2 Rh1
1/2-1/2

[Event "XVI. DBMM Schach"]
[Site "Dresden"]
[Date "2016.11.03"]
[Round "2.2"]
[White "Obermeier, Karlheinz"]
[Black "Heer, Stephan"]
[Result "0-1"]
[WhiteElo "1525"]
[BlackElo "2134"]
[Annotator "br"]
[PlyCount "92"]
[EventDate "2016.11.??"]
[SourceTitle "XVI. DBMM 2016"]
[Source "FV Schach e.V."]
[SourceDate "2017.06.14"]
[SourceVersion "1"]
[SourceVersionDate "2017.06.14"]
[SourceQuality "1"]
[WhiteTeam "ADAC Muenchen II"]
[BlackTeam "Europaeisches Patentamt Muenchen"]
[WhiteTeamCountry "GER"]
[BlackTeamCountry "GER"]

1. d4 c5 2. d5 e5 3. dxe6 fxe6 4. e4 Nc6 5. Nc3 Nf6 6. Nf3 d6 7. Bb5 Qc7 8. Bg5
Be7 9. O-O O-O 10. Re1 Nh5 11. Bxc6 bxc6 12. Bxe7 Qxe7 13. Qd2 e5 14. Qe3 Nf4
15. Nd2 Rf6 16. Ne2 Be6 17. b3 Raf8 18. f3 Rg6 19. Nxf4 exf4 20. Qd3 Bh3 21.
Re2 Qg5 22. Kf1 Bxg2+ 23. Ke1 Qh4+ 24. Rf2 Qxh2 25. Nf1 Qh4 26. Qe2 Bxf1 27.
Qxf1 d5 28. exd5 Re8+ 29. Kd2 cxd5 30. Rd1 Qe7 31. Kc1 Qe3+ 32. Kb2 d4 33. Rfd2
Qc3+ 34. Kb1 Re3 35. Rd3 Qa5 36. R3d2 h6 37. Rf2 Ra6 38. a4 Rae6 39. Qc4 Kh7
40. Ka2 Qb6 41. Qf1 Qd6 42. Qc4 Qe5 43. Qb5 a6 44. Qc4 Rc3 45. Qf1 c4 46. bxc4
Qc5 0-1

[Event "XVI. DBMM Schach"]
[Site "Dresden"]
[Date "2016.11.03"]
[Round "2.3"]
[White "Bohnhoff, Peter"]
[Black "Socher, Sabrina"]
[Result "1-0"]
[WhiteElo "2060"]
[BlackElo "1565"]
[Annotator "br"]
[PlyCount "155"]
[EventDate "2016.11.??"]
[SourceTitle "XVI. DBMM 2016"]
[Source "FV Schach e.V."]
[SourceDate "2017.06.14"]
[SourceVersion "1"]
[SourceVersionDate "2017.06.14"]
[SourceQuality "1"]
[WhiteTeam "Europaeisches Patentamt Muenchen"]
[BlackTeam "ADAC Muenchen II"]
[WhiteTeamCountry "GER"]
[BlackTeamCountry "GER"]

1. d4 d5 2. Nf3 Nc6 3. e3 Nf6 4. Bb5 Bd7 5. b3 e6 6. O-O Bd6 7. Bb2 O-O 8. Bd3
Nb4 9. Be2 Ne4 10. a3 Na6 11. c4 c6 12. Nbd2 Nxd2 13. Qxd2 Nc7 14. Bd3 f5 15.
Bc3 Be8 16. Ne5 Bxe5 17. dxe5 Bh5 18. Ba5 b6 19. Bc3 dxc4 20. bxc4 c5 21. f3
Qg5 22. Qe2 Rad8 23. Bc2 Rd7 24. Ba4 Rdd8 25. Rab1 Be8 26. Bc2 Bh5 27. a4 Rb8
28. a5 Qe7 29. Rfd1 Rfd8 30. Rxd8+ Qxd8 31. Rd1 Qe7 32. Qd2 Ne8 33. Qd7 Kf8 34.
Ba4 Rb7 35. Qc8 Rc7 36. Qb8 Rb7 37. Qa8 Rc7 38. Bb5 g5 39. Rd8 Bg6 40. f4 h6
41. Rb8 Bf7 42. axb6 axb6 43. Rxb6 Ra7 44. Qb8 Qc7 45. Qxc7 Nxc7 46. Rc6 Be8
47. Rxc5 Nxb5 48. cxb5 Rb7 49. Bb4 Kf7 50. b6 Rxb6 51. Rc7+ Kg8 52. Be7 g4 53.
Bf6 h5 54. Kf2 Rb8 55. Kg3 Bf7 56. Kh4 Rf8 57. Kg5 Kh7 58. Be7 Rg8+ 59. Kf6 Be8
60. Kxe6 Kg6 61. Bc5 Bb5 62. g3 Ra8 63. Kd6 Ra2 64. e6 Rxh2 65. Bd4 h4 66. gxh4
Rxh4 67. Rg7+ Kh6 68. Rg8 Rh3 69. e7 Ba4 70. e8=Q Bxe8 71. Rxe8 Kg6 72. Rg8+
Kf7 73. Rg7+ Kf8 74. Ke6 Rxe3+ 75. Bxe3 Kxg7 76. Kxf5 g3 77. Kg4 g2 78. Kf3 1-0

[Event "XVI. DBMM Schach"]
[Site "Dresden"]
[Date "2016.11.03"]
[Round "2.4"]
[White "Zunk, Olaf"]
[Black "Jachs, Walter"]
[Result "1/2-1/2"]
[WhiteElo "1347"]
[BlackElo "1998"]
[Annotator "br"]
[PlyCount "41"]
[EventDate "2016.11.??"]
[SourceTitle "XVI. DBMM 2016"]
[Source "FV Schach e.V."]
[SourceDate "2017.06.14"]
[SourceVersion "1"]
[SourceVersionDate "2017.06.14"]
[SourceQuality "1"]
[WhiteTeam "ADAC Muenchen II"]
[BlackTeam "Europaeisches Patentamt Muenchen"]
[WhiteTeamCountry "GER"]
[BlackTeamCountry "GER"]

1. b3 e5 2. Bb2 Nc6 3. e3 a6 4. Nc3 d5 5. d4 exd4 6. exd4 Nf6 7. Qd2 Bd6 8.
O-O-O O-O 9. Kb1 Bf5 10. Bd3 Qd7 11. Nge2 Rfe8 12. f3 Ne7 13. g4 Bxd3 14. Qxd3
c6 15. h4 Ng6 16. h5 Nf4 17. Nxf4 Bxf4 18. Ne2 Qd6 19. Nxf4 Qxf4 20. Bc1 Qd6
21. g5 1/2-1/2

[Event "XVI. DBMM Schach"]
[Site "Dresden"]
[Date "2016.11.03"]
[Round "2.1"]
[White "Koscielski, Janusz"]
[Black "Haasler, Andreas"]
[Result "1-0"]
[WhiteElo "2332"]
[BlackElo "2202"]
[Annotator "br"]
[PlyCount "111"]
[EventDate "2016.11.??"]
[SourceTitle "XVI. DBMM 2016"]
[Source "FV Schach e.V."]
[SourceDate "2017.06.14"]
[SourceVersion "1"]
[SourceVersionDate "2017.06.14"]
[SourceQuality "1"]
[WhiteTeam "Ev. Kinderheim Herne und Wanne-Eickel"]
[BlackTeam "Deutsche Bahn/BSW Frankfurt/M"]
[WhiteTeamCountry "GER"]
[BlackTeamCountry "GER"]

1. e4 e6 2. d4 d5 3. Nd2 dxe4 4. Nxe4 Nd7 5. Nf3 Ngf6 6. Nxf6+ Nxf6 7. Bd3 c5
8. O-O a6 9. c3 cxd4 10. Nxd4 Be7 11. Qe2 O-O 12. Bg5 Qd5 13. Nf3 h6 14. c4 Qc5
15. Be3 Qh5 16. Bd4 Rd8 17. Rfd1 Bd7 18. Bb6 Rdc8 19. Ne5 Be8 20. Qxh5 Nxh5 21.
g3 Bc5 22. Bxc5 Rxc5 23. f4 Nf6 24. Be2 Rc7 25. Bf3 Kf8 26. Rd6 Nd7 27. Nxd7+
Bxd7 28. Rad1 Ke8 29. b3 Bc6 30. Bxc6+ bxc6 31. Kf2 a5 32. Ke3 c5 33. Rb6 a4
34. b4 cxb4 35. Rxb4 Ke7 36. a3 h5 37. Rd4 Ra5 38. Kd3 g6 39. Rb5 Raa7 40. c5
Kf6 41. Kc4 Kf5 42. c6+ Kf6 43. Kc5 e5 44. fxe5+ Kxe5 45. Rdb4 Ra6 46. Rb6 Ra5+
47. R4b5 Ra8 48. Rb7 Rcc8 49. Rxf7 Ra6 50. c7 Raa8 51. Kc6+ Ke6 52. Rg7 Kf6 53.
Rh7 Ke6 54. Kb7 Kf6 55. Rb6+ Kf5 56. Ra6 1-0

[Event "XVI. DBMM Schach"]
[Site "Dresden"]
[Date "2016.11.03"]
[Round "2.2"]
[White "Haenisch, Uwe"]
[Black "Heimsoth, Sven Holger"]
[Result "1/2-1/2"]
[WhiteElo "2195"]
[BlackElo "2157"]
[Annotator "br"]
[PlyCount "66"]
[EventDate "2016.11.??"]
[SourceTitle "XVI. DBMM 2016"]
[Source "FV Schach e.V."]
[SourceDate "2017.06.14"]
[SourceVersion "1"]
[SourceVersionDate "2017.06.14"]
[SourceQuality "1"]
[WhiteTeam "Deutsche Bahn/BSW Frankfurt/M"]
[BlackTeam "Ev. Kinderheim Herne und Wanne-Eickel"]
[WhiteTeamCountry "GER"]
[BlackTeamCountry "GER"]

1. e4 e6 2. d4 d5 3. Nd2 a6 4. Ngf3 c5 5. c3 Nc6 6. Bd3 cxd4 7. cxd4 dxe4 8.
Nxe4 Be7 9. O-O Nf6 10. Be3 O-O 11. Rc1 Nb4 12. Nxf6+ Bxf6 13. Bb1 Bd7 14. a3
Nd5 15. Qc2 g6 16. Bh6 Bg7 17. Qd2 Bb5 18. Rfe1 Bxh6 19. Qxh6 Qf6 20. Ng5 Qg7
21. Qh4 h6 22. Nf3 Nf6 23. Ne5 Rad8 24. Rcd1 Rd6 25. f4 Rfd8 26. Qf2 Nd7 27.
Bc2 Nxe5 28. dxe5 Rxd1 29. Rxd1 Rxd1+ 30. Bxd1 g5 31. Bh5 gxf4 32. Qxf4 Bc6 33.
Qf2 Be4 1/2-1/2

[Event "XVI. DBMM Schach"]
[Site "Dresden"]
[Date "2016.11.03"]
[Round "2.3"]
[White "Leveikina, Jevgenija      ML"]
[Black "Kopp, Jan"]
[Result "1/2-1/2"]
[WhiteElo "2116"]
[BlackElo "2042"]
[Annotator "br"]
[PlyCount "38"]
[EventDate "2016.11.??"]
[SourceTitle "XVI. DBMM 2016"]
[Source "FV Schach e.V."]
[SourceDate "2017.06.14"]
[SourceVersion "1"]
[SourceVersionDate "2017.06.14"]
[SourceQuality "1"]
[WhiteTeam "Ev. Kinderheim Herne und Wanne-Eickel"]
[BlackTeam "Deutsche Bahn/BSW Frankfurt/M"]
[WhiteTeamCountry "GER"]
[BlackTeamCountry "GER"]

1. d4 Nf6 2. g3 c5 3. c3 e6 4. Bg2 d5 5. Nf3 Nc6 6. O-O Bd6 7. Nbd2 cxd4 8.
cxd4 O-O 9. Nb3 h6 10. Bf4 Bxf4 11. gxf4 b6 12. Rc1 Bb7 13. Ne5 Qd6 14. e3 Rfc8
15. Nd2 Rc7 16. Nb1 Rac8 17. Nc3 Qb4 18. Nd3 Qa5 19. Re1 Nb4 1/2-1/2

[Event "XVI. DBMM Schach"]
[Site "Dresden"]
[Date "2016.11.03"]
[Round "2.4"]
[White "Perlitz, Sven"]
[Black "Selmanaj, Agim"]
[Result "1-0"]
[WhiteElo "2065"]
[BlackElo "1643"]
[Annotator "br"]
[PlyCount "71"]
[EventDate "2016.11.??"]
[SourceTitle "XVI. DBMM 2016"]
[Source "FV Schach e.V."]
[SourceDate "2017.06.14"]
[SourceVersion "1"]
[SourceVersionDate "2017.06.14"]
[SourceQuality "1"]
[WhiteTeam "Deutsche Bahn/BSW Frankfurt/M"]
[BlackTeam "Ev. Kinderheim Herne und Wanne-Eickel"]
[WhiteTeamCountry "GER"]
[BlackTeamCountry "GER"]

1. e4 g6 2. d4 Bg7 3. Nf3 d6 4. Be2 Nc6 5. O-O e5 6. dxe5 Nxe5 7. Nxe5 Bxe5 8.
f4 Bg7 9. Qe1 f5 10. exf5 Bxf5 11. Bd3+ Qe7 12. Bxf5 gxf5 13. Qa5 Qd7 14. Nc3
Bd4+ 15. Kh1 Bb6 16. Re1+ Ne7 17. Qa3 O-O-O 18. Be3 Bxe3 19. Rxe3 a6 20. b4 c6
21. Qb3 d5 22. Na4 Qc7 23. Nc5 Rd6 24. Rae1 Ng6 25. Qd3 Kb8 26. g3 h5 27. Qxf5
h4 28. Re8+ Ka7 29. Rxh8 Nxh8 30. Re8 hxg3 31. Rxh8 Qg7 32. Qe5 g2+ 33. Kg1 Qg4
34. Qd4 Qf3 35. Nd7+ c5 36. Qxc5+ 1-0

[Event "XVI. DBMM Schach"]
[Site "Dresden"]
[Date "2016.11.03"]
[Round "2.1"]
[White "Ungerer, Markus"]
[Black "Seger, Ruediger"]
[Result "0-1"]
[WhiteElo "2125"]
[BlackElo "2372"]
[Annotator "br"]
[PlyCount "88"]
[EventDate "2016.11.??"]
[SourceTitle "XVI. DBMM 2016"]
[Source "FV Schach e.V."]
[SourceDate "2017.06.14"]
[SourceVersion "1"]
[SourceVersionDate "2017.06.14"]
[SourceQuality "1"]
[WhiteTeam "W&W Wuestenrot & Wuerttemb. Stuttgart"]
[BlackTeam "Deutsche Post Bonn"]
[WhiteTeamCountry "GER"]
[BlackTeamCountry "GER"]

1. e4 c6 2. d4 d5 3. Nd2 dxe4 4. Nxe4 Bf5 5. Ng3 Bg6 6. Nf3 Nd7 7. h4 h6 8. h5
Bh7 9. Bd3 Bxd3 10. Qxd3 e6 11. Bd2 Ngf6 12. O-O-O Be7 13. c4 O-O 14. Bc3 b5
15. Ne4 bxc4 16. Nxf6+ Bxf6 17. Qxc4 Nb6 18. Qb3 Nd5 19. Ne5 Rb8 20. Qc4 Nxc3
21. Qxc3 Qd5 22. Kb1 c5 23. Rhe1 Rbd8 24. Qg3 cxd4 25. Ng4 Qf5+ 26. Ka1 Kh8 27.
Nxf6 Qxf6 28. f4 Rd5 29. Qa3 Ra8 30. Qf3 Rad8 31. Rd3 Rf5 32. Re4 e5 33. g3
exf4 34. g4 Re5 35. a3 Rxe4 36. Qxe4 g5 37. hxg6 fxg6 38. b4 g5 39. b5 h5 40.
gxh5 g4 41. Qc6 Qxc6 42. bxc6 g3 43. c7 Rc8 44. Rxd4 Rxc7 0-1